UBT Library

Skizofrenia dhe përballimi i saj (Record no. 60951)

000 -LEADER
fixed length control field 00316nam a22001337a 4500
008 - FIXED-LENGTH DATA ELEMENTS--GENERAL INFORMATION
fixed length control field 260331b ||||| |||| 00| 0 eng d
020 ## - INTERNATIONAL STANDARD BOOK NUMBER
International Standard Book Number 9789951322713
041 ## - LANGUAGE CODE
Language code of text/sound track or separate title shqip
080 ## - UNIVERSAL DECIMAL CLASSIFICATION NUMBER
Universal Decimal Classification number 616.895
100 ## - Rafti
Rafti 25
101 ## - Shkurtesa
Shkurtesa psiko
245 ## - TITLE STATEMENT
Title Skizofrenia dhe përballimi i saj
Statement of responsibility, etc Skender Munishi
942 ## - ADDED ENTRY ELEMENTS (KOHA)
Source of classification or shelving scheme
Item type Books
Holdings
Withdrawn status Lost status Source of classification or shelving scheme Damaged status Not for loan Collection code Permanent location Current location Date acquired Total Checkouts Barcode Date last seen Price effective from Koha item type
          Koleksioni i përgjithshem UBT - Lipjan UBT - Lipjan 03/31/2026   003-800070999523 03/31/2026 03/31/2026 Books
          Koleksioni i përgjithshem UBT - Lipjan UBT - Lipjan 03/31/2026   003-800070999524 03/31/2026 03/31/2026 Books
UBT Library © 2015-2024. All rights reserved University Education for Business and Technology